[Event "ENCI Limburg-open A"]
[Site "Maastricht"]
[Date "2010.05.24"]
[Round "6"]
[White "Berg, Emanuel"]
[Black "Gharamian, Tigran"]
[Result "1/2-1/2"]
[WhiteElo "2616"]
[BlackElo "2632"]
[PlyCount "59"]
[EventDate "2010.05.21"]
[EventType "swiss"]
[EventRounds "7"]
[EventCountry "NED"]
[Source "P.Boonen"]
[SourceDate "2010.10.01"]

1. e4 c5 2. Nf3 Nc6 3. d4 cxd4 4. Nxd4 Nf6 5. Nc3 e5 6. Ndb5 d6 7. Bg5 a6 8.
Na3 b5 9. Bxf6 gxf6 10. Nd5 Bg7 11. c3 f5 12. Bd3 Ne7 13. Nxe7 Qxe7 14. O-O O-O
15. Nc2 Rb8 16. exf5 e4 17. Re1 Bxf5 18. Ne3 Bg6 19. Nd5 Qe5 20. Bc2 a5 21. f4
Qe6 22. g4 f5 23. Ne3 Kh8 24. gxf5 Bxf5 25. Nxf5 Qxf5 26. Rxe4 b4 27. Kh1 bxc3
28. bxc3 Rb2 29. Rb1 d5 30. Rxb2 1/2-1/2

[Event "ENCI Limburg-open A"]
[Site "Maastricht"]
[Date "2010.05.24"]
[Round "6"]
[White "Bezemer, Arno"]
[Black "Nabuurs, Joep"]
[Result "1/2-1/2"]
[WhiteElo "2343"]
[BlackElo "2218"]
[PlyCount "80"]
[EventDate "2010.05.21"]
[EventType "swiss"]
[EventRounds "7"]
[EventCountry "NED"]
[Source "P.Boonen"]
[SourceDate "2010.10.01"]

1. d4 f5 2. e4 fxe4 3. Nc3 Nf6 4. Bg5 Nc6 5. d5 Ne5 6. Qe2 Nf7 7. h4 c6 8.
O-O-O Nxd5 9. Nxe4 Qa5 10. Kb1 b5 11. Nf3 Qb6 12. Nd4 Bb7 13. Rh3 O-O-O 14. c4
Nxg5 15. Nxg5 Nf4 16. Qc2 Nxh3 17. gxh3 g6 18. Nf7 Bg7 19. Nxd8 Rxd8 20. Nb3
bxc4 21. Bxc4 Rf8 22. Rd2 d6 23. h5 gxh5 24. Qxh7 Bf6 25. Qxh5 Kb8 26. Be6 Bc8
27. Bxc8 Rxc8 28. Qg4 c5 29. Qc4 Rh8 30. Rd3 Qb7 31. a3 Rh4 32. f4 Qh1+ 33. Nc1
Kc7 34. Qa4 Rxh3 35. Qxa7+ Kc8 36. Qa6+ Kd7 37. Qb5+ Kc7 38. Qa5+ Kc8 39. Qa6+
Kc7 40. Qa7+ Kc8 1/2-1/2

[Event "ENCI Limburg-open A"]
[Site "Maastricht"]
[Date "2010.05.24"]
[Round "6"]
[White "Bok, Benjamin"]
[Black "Henzen, Arno"]
[Result "1-0"]
[WhiteElo "2430"]
[BlackElo "2186"]
[PlyCount "79"]
[EventDate "2010.05.21"]
[EventType "swiss"]
[EventRounds "7"]
[EventCountry "NED"]
[Source "P.Boonen"]
[SourceDate "2010.10.01"]

1. e4 d5 2. exd5 Qxd5 3. Nc3 Qa5 4. d4 Nf6 5. Nf3 c6 6. Bc4 Bf5 7. Bd2 e6 8.
Nd5 Qd8 9. Nxf6+ gxf6 10. O-O Nd7 11. Nh4 Bg6 12. c3 Qc7 13. Qf3 Bd6 14. g3
O-O-O 15. Rfe1 Kb8 16. b4 Rc8 17. Bf1 f5 18. c4 Ka8 19. Ng2 Nf6 20. c5 Be7 21.
b5 cxb5 22. Bxb5 Ne4 23. Bf4 Qd8 24. Red1 Bf6 25. Qe3 Bh5 26. Rd3 Ng5 27. Bxg5
Bxg5 28. Qe1 f4 29. Qb4 fxg3 30. hxg3 Be2 31. Ra3 Bxb5 32. Qxb5 Qd5 33. Rb1 Bd8
34. Ne3 Qc6 35. Qb4 Bc7 36. Nc4 Rcd8 37. Na5 Qe4 38. c6 b6 39. Nc4 Rxd4 40.
Nxb6+ 1-0

[Event "ENCI Limburg-open A"]
[Site "Maastricht"]
[Date "2010.05.24"]
[Round "6"]
[White "Bomans, Arno"]
[Black "Van Laatum, Maarten"]
[Result "1/2-1/2"]
[WhiteElo "2187"]
[BlackElo "2042"]
[PlyCount "27"]
[EventDate "2010.05.21"]
[EventType "swiss"]
[EventRounds "7"]
[EventCountry "NED"]
[Source "P.Boonen"]
[SourceDate "2010.10.01"]

1. d4 d5 2. c4 c6 3. Nf3 Nf6 4. Qc2 g6 5. cxd5 cxd5 6. Nc3 Nc6 7. Qb3 Bg7 8.
Bg5 Ne4 9. Qxd5 Nxg5 10. Nxg5 Qxd5 11. Nxd5 Nxd4 12. Nc7+ Kf8 13. Rc1 Rb8 14.
e3 1/2-1/2

[Event "ENCI Limburg-open A"]
[Site "Maastricht"]
[Date "2010.05.24"]
[Round "6"]
[White "Brandenburg, Daan"]
[Black "Michiels, Bart"]
[Result "1-0"]
[WhiteElo "2503"]
[BlackElo "2459"]
[PlyCount "111"]
[EventDate "2010.05.21"]
[EventType "swiss"]
[EventRounds "7"]
[EventCountry "NED"]
[Source "P.Boonen"]
[SourceDate "2010.10.01"]

1. e4 e6 2. d4 d5 3. e5 c5 4. c3 Nc6 5. Nf3 Bd7 6. Be2 Nge7 7. Na3 cxd4 8. cxd4
Nf5 9. Nc2 Qb6 10. O-O Na5 11. g4 Ne7 12. Nfe1 h5 13. gxh5 Bb5 14. Nd3 Nf5 15.
Be3 Nc6 16. Kh1 Rc8 17. b3 Qd8 18. Rg1 Qh4 19. Bg4 Be7 20. Rg2 a5 21. Kg1 Nb4
22. Ncxb4 axb4 23. Bxf5 exf5 24. Nf4 Bg5 25. Ng6 fxg6 26. Bxg5 Qxh5 27. Qxh5
Rxh5 28. Bd2 Rh4 29. Rxg6 Rxd4 30. Be3 Rg4+ 31. Rxg4 fxg4 32. Rd1 Rc2 33. Rd2
Rxd2 34. Bxd2 d4 35. Bxb4 Kf7 36. Bc5 d3 37. Bb4 Ke6 38. Bc3 Kf5 39. a4 Bc6 40.
Kf1 Bd5 41. b4 Ke4 42. Ke1 Be6 43. b5 Kd5 44. Kd2 Kc4 45. b6 Kc5 46. a5 Bc4 47.
Ke3 Ba6 48. Kf4 Kc4 49. Bd2 Kd5 50. Kf5 Bc4 51. Bc3 g6+ 52. Kf6 Bb5 53. e6 Kd6
54. Bb4+ Kd5 55. e7 Be8 56. a6 1-0

[Event "ENCI Limburg-open A"]
[Site "Maastricht"]
[Date "2010.05.24"]
[Round "6"]
[White "Bus, Tom"]
[Black "Woestenburg, Jochem"]
[Result "1/2-1/2"]
[WhiteElo "2185"]
[BlackElo "2019"]
[PlyCount "44"]
[EventDate "2010.05.21"]
[EventType "swiss"]
[EventRounds "7"]
[EventCountry "NED"]
[Source "P.Boonen"]
[SourceDate "2010.10.01"]

1. c4 Nf6 2. g3 g6 3. Bg2 Bg7 4. Nc3 c5 5. d3 Nc6 6. a3 d6 7. Rb1 a5 8. Nf3 Bd7
9. O-O h6 10. Bd2 O-O 11. Ne1 Qc8 12. Nc2 Bh3 13. b4 Bxg2 14. Kxg2 axb4 15.
axb4 cxb4 16. Nxb4 Nxb4 17. Rxb4 Ra5 18. Qb3 Rh5 19. h4 Rxh4 20. gxh4 Qg4+ 21.
Kh2 Qxh4+ 22. Kg2 Ng4 1/2-1/2

[Event "ENCI Limburg-open A"]
[Site "Maastricht"]
[Date "2010.05.24"]
[Round "6"]
[White "Dalemans, Diana"]
[Black "Larmuseau, Michiel"]
[Result "0-1"]
[WhiteElo "1906"]
[BlackElo "2068"]
[PlyCount "74"]
[EventDate "2010.05.21"]
[EventType "swiss"]
[EventRounds "7"]
[EventCountry "NED"]
[Source "P.Boonen"]
[SourceDate "2010.10.01"]

1. e4 e6 2. d4 d5 3. Nd2 Be7 4. e5 c5 5. c3 Nc6 6. Ne2 Qb6 7. Nf3 f6 8. exf6
Bxf6 9. g3 Nge7 10. dxc5 Qxc5 11. Bg2 O-O 12. O-O e5 13. Be3 Qd6 14. Qc2 Bf5
15. Qb3 Na5 16. Qb5 b6 17. a3 Nc4 18. Rfd1 Rac8 19. h3 Bc2 20. Re1 Nxe3 21.
fxe3 Rc5 22. Qb4 a5 23. Qg4 Rc4 24. e4 Bxe4 25. Nd2 Qc5+ 26. Kh2 Bxg2 27. Qe6+
Kh8 28. Kxg2 Qc6 29. Qxc6 Rxc6 30. g4 Ng6 31. Nf3 e4 32. Nfd4 Bxd4 33. Nxd4
Nf4+ 34. Kg3 Rcf6 35. Nf5 Nd3 36. Rf1 g6 37. Ne3 Rf3+ 0-1

[Event "ENCI Limburg-open A"]
[Site "Maastricht"]
[Date "2010.05.24"]
[Round "6"]
[White "De Reymaeker, Walter"]
[Black "Richter, Goetz"]
[Result "0-1"]
[WhiteElo "2028"]
[BlackElo "2080"]
[PlyCount "106"]
[EventDate "2010.05.21"]
[EventType "swiss"]
[EventRounds "7"]
[EventCountry "NED"]
[Source "P.Boonen"]
[SourceDate "2010.10.01"]

1. e4 c5 2. Nc3 Nc6 3. Bb5 Nd4 4. Bc4 a6 5. Nge2 e6 6. d3 b5 7. Bb3 Nxb3 8.
axb3 Bb7 9. O-O g6 10. Ng3 Bg7 11. f4 f5 12. exf5 exf5 13. Re1+ Ne7 14. Be3 Qc7
15. Bd2 Kf7 16. Re2 d5 17. Qf1 d4 18. Nb1 Rhe8 19. Ba5 Qc6 20. Nd2 Nd5 21. Rae1
Ne3 22. Qf2 Nxc2 23. Rxe8 Rxe8 24. Rxe8 Kxe8 25. Nf3 Ne3 26. Bd2 Kf7 27. b4 Nd1
28. Qe2 Nxb2 29. bxc5 Na4 30. Bb4 Nxc5 31. h4 Ne6 32. Qd2 Qc7 33. Ne2 Bxf3 34.
gxf3 Bh6 35. Qa2 Qc6 36. h5 Qxf3 37. Qxe6+ Kxe6 38. Nxd4+ Kd5 39. Nxf3 Bxf4 40.
hxg6 hxg6 41. Kf2 g5 42. Ke2 g4 43. Nh4 Ke6 44. d4 Bg5 45. d5+ Ke5 46. Ng2 Kxd5
47. Kd3 Bc1 48. Kc2 Kc4 49. Bd6 Bg5 50. Bc7 b4 51. Kb2 Kd3 52. Kb3 Ke2 53. Kxb4
Kf2 0-1

[Event "ENCI Limburg-open A"]
[Site "Maastricht"]
[Date "2010.05.24"]
[Round "6"]
[White "Driessens, Patrick"]
[Black "Maciol, Ryszard"]
[Result "1-0"]
[WhiteElo "2357"]
[BlackElo "2222"]
[PlyCount "77"]
[EventDate "2010.05.21"]
[EventType "swiss"]
[EventRounds "7"]
[EventCountry "NED"]
[Source "P.Boonen"]
[SourceDate "2010.10.01"]

1. Nf3 Nf6 2. c4 e6 3. Nc3 d5 4. d4 c6 5. e3 Be7 6. b3 O-O 7. Bd3 Nbd7 8. O-O
dxc4 9. bxc4 Qa5 10. Bd2 Qh5 11. Ne2 g5 12. Ng3 Qh6 13. e4 Ne8 14. e5 Qg7 15.
Qc1 h6 16. Nh5 Qh8 17. h4 c5 18. d5 Nxe5 19. Nxe5 Qxe5 20. hxg5 Bd6 21. Bf4 Qd4
22. Bxd6 Nxd6 23. Rd1 Qh4 24. Nf6+ Kg7 25. Qc3 Qd4 26. Qxd4 cxd4 27. Nh5+ Kh8
28. c5 Ne8 29. d6 Bd7 30. Be4 Rc8 31. Rac1 Rb8 32. Rxd4 hxg5 33. Rb1 e5 34.
Rdb4 b6 35. c6 Bxc6 36. Bxc6 Nxd6 37. Rd1 Rfd8 38. Rg4 Rbc8 39. Ba4 1-0

[Event "ENCI Limburg-open A"]
[Site "Maastricht"]
[Date "2010.05.24"]
[Round "6"]
[White "Ducarmon, Quinten"]
[Black "Zimmermann, Luc"]
[Result "1-0"]
[WhiteElo "2203"]
[BlackElo "2057"]
[PlyCount "107"]
[EventDate "2010.05.21"]
[EventType "swiss"]
[EventRounds "7"]
[EventCountry "NED"]
[Source "P.Boonen"]
[SourceDate "2010.10.01"]

1. e4 c5 2. Nf3 d6 3. d4 cxd4 4. Nxd4 Nf6 5. Nc3 a6 6. Qf3 e6 7. g4 Qb6 8. Nb3
h6 9. h4 Nc6 10. Be3 Qc7 11. g5 hxg5 12. hxg5 Rxh1 13. Qxh1 Ng4 14. Bd2 Nb4 15.
Rc1 Ne5 16. a3 Nbc6 17. f4 Nd7 18. g6 fxg6 19. Qg2 Nf6 20. Qxg6+ Qf7 21. Qxf7+
Kxf7 22. Be3 b5 23. Bg2 e5 24. f5 Bb7 25. Bg5 b4 26. axb4 Nxb4 27. Na5 Rb8 28.
Nxb7 Rxb7 29. Bf1 Rc7 30. Kd1 g6 31. fxg6+ Kxg6 32. Bxf6 Kxf6 33. Ra1 Ra7 34.
Ra4 a5 35. Nb5 Ra8 36. c3 Nc6 37. b4 Kg5 38. Nc7 Rc8 39. Ne6+ Kh4 40. b5 Ne7
41. Rxa5 Rxc3 42. Nxf8 Rf3 43. Bc4 Rxf8 44. Ra7 d5 45. Rxe7 dxc4 46. Rxe5 Rf2
47. Kc1 c3 48. Re8 Rb2 49. Rb8 Kg5 50. b6 Kf6 51. b7 Kg7 52. e5 Rb6 53. e6 Rxe6
54. Rc8 1-0

[Event "ENCI Limburg-open A"]
[Site "Maastricht"]
[Date "2010.05.24"]
[Round "6"]
[White "Edeling, Jeroen"]
[Black "Von Meijenfeldt, Bart"]
[Result "1-0"]
[WhiteElo "2114"]
[BlackElo "2044"]
[PlyCount "53"]
[EventDate "2010.05.21"]
[EventType "swiss"]
[EventRounds "7"]
[EventCountry "NED"]
[Source "P.Boonen"]
[SourceDate "2010.10.01"]

1. e4 c5 2. Nf3 d6 3. c3 Nf6 4. g3 g6 5. Bg2 Nc6 6. d3 Bg7 7. O-O O-O 8. Re1 e5
9. a3 a5 10. a4 Ne8 11. Na3 f5 12. exf5 Bxf5 13. Qb3+ Kh8 14. Qxb7 Ne7 15. Nxe5
Nc7 16. Nc6 Nxc6 17. Qxc6 Bxd3 18. Bf4 Ra6 19. Qb7 Ne8 20. Rad1 Rb6 21. Qe7
Qxe7 22. Rxe7 Ba6 23. Rde1 Nf6 24. Ra7 Bd3 25. Re3 c4 26. Nb5 Ng4 27. Ree7 1-0

[Event "ENCI Limburg-open A"]
[Site "Maastricht"]
[Date "2010.05.24"]
[Round "6"]
[White "Favier, Alain"]
[Black "Ondersteijn, Niels"]
[Result "0-1"]
[WhiteElo "2097"]
[BlackElo "2276"]
[PlyCount "65"]
[EventDate "2010.05.21"]
[EventType "swiss"]
[EventRounds "7"]
[EventCountry "NED"]
[Source "P.Boonen"]
[SourceDate "2010.10.01"]

1. d4 Nf6 2. c4 g6 3. Nc3 d5 4. cxd5 Nxd5 5. e4 Nxc3 6. bxc3 c5 7. Nf3 Bg7 8.
Rb1 O-O 9. Be3 b6 10. Qd2 Bb7 11. Bd3 cxd4 12. cxd4 e6 13. h4 h5 14. Bh6 Nc6
15. Bxg7 Kxg7 16. Qb2 f6 17. O-O Qd7 18. Rfd1 Rfd8 19. Bb5 Qe7 20. d5 exd5 21.
exd5 Na5 22. Re1 Qf8 23. Rbc1 Rac8 24. Rxc8 Bxc8 25. Rd1 Qd6 26. Re1 Nb7 27.
Ba6 Nc5 28. Bxc8 Rxc8 29. Ng5 Nd3 30. Ne4 Qd8 31. Ng5 Nxb2 32. Ne6+ Kf7 33.
Nxd8+ 0-1

[Event "ENCI Limburg-open A"]
[Site "Maastricht"]
[Date "2010.05.24"]
[Round "6"]
[White "Groffen, Hans"]
[Black "Sinz, Bernhard"]
[Result "0-1"]
[WhiteElo "2149"]
[BlackElo "2226"]
[PlyCount "72"]
[EventDate "2010.05.21"]
[EventType "swiss"]
[EventRounds "7"]
[EventCountry "NED"]
[Source "P.Boonen"]
[SourceDate "2010.10.01"]

1. d4 d5 2. c4 c6 3. Nf3 Nf6 4. Nc3 e6 5. Bg5 dxc4 6. e4 b5 7. e5 h6 8. Bh4 g5
9. Nxg5 hxg5 10. Bxg5 Nbd7 11. g3 Bb7 12. Bg2 Qb6 13. exf6 O-O-O 14. O-O c5 15.
d5 b4 16. Na4 Qa6 17. a3 Bxd5 18. Bxd5 Ne5 19. axb4 Rxd5 20. Qe2 cxb4 21. Nc3
Ra5 22. Rxa5 Qxa5 23. Ne4 Nd3 24. b3 Qe5 25. f3 Bc5+ 26. Kg2 Rd8 27. Qa2 Kb7
28. Ra1 Bb6 29. Qa6+ Kb8 30. Rd1 Qb2+ 31. Rd2 Qxb3 32. Rxd3 Qxd3 33. Bf4+ Ka8
34. Nd6 Qe2+ 35. Kh3 Qxf3 36. Bg5 Qf1+ 0-1

[Event "ENCI Limburg-open A"]
[Site "Maastricht"]
[Date "2010.05.24"]
[Round "6"]
[White "Haast, Anne"]
[Black "Nijs, Nils"]
[Result "1-0"]
[WhiteElo "2220"]
[BlackElo "2250"]
[PlyCount "121"]
[EventDate "2010.05.21"]
[EventType "swiss"]
[EventRounds "7"]
[EventCountry "NED"]
[Source "P.Boonen"]
[SourceDate "2010.10.01"]

1. e4 e6 2. d4 d5 3. Nc3 Nf6 4. Bg5 Bb4 5. e5 h6 6. Bd2 Bxc3 7. bxc3 Ne4 8. Bd3
Nxd2 9. Qxd2 c5 10. f4 Nc6 11. Nf3 c4 12. Be2 Bd7 13. O-O Qe7 14. a4 O-O-O 15.
Qc1 Rdg8 16. Qb2 Kb8 17. Nd2 g5 18. Rfb1 Bc8 19. f5 exf5 20. Qb5 Qd7 21. Bf3
Rd8 22. g3 Ne7 23. Qb4 h5 24. a5 Rh6 25. Rb2 h4 26. Rab1 Rc6 27. Qa3 Qc7 28.
Rb5 Rd7 29. Nf1 hxg3 30. hxg3 f6 31. Re1 a6 32. Rbb1 fxe5 33. Rxe5 Rcd6 34.
Rbe1 g4 35. Bg2 f4 36. gxf4 Ng6 37. Rf5 Nh4 38. Rf8 Nf3+ 39. Bxf3 gxf3 40. Kf2
Rd8 41. Ree8 Rxe8 42. Rxe8 Rf6 43. Qe7 Qxe7 44. Rxe7 b6 45. axb6 Rxb6 46. Ne3
Bb7 47. f5 a5 48. Ng4 Bc8 49. f6 Bxg4 50. f7 Rf6 51. Re8+ Kc7 52. f8=Q Rxf8 53.
Rxf8 Kc6 54. Kg3 Bh5 55. Rf5 f2 56. Rxf2 Bd1 57. Kf4 a4 58. Ke5 a3 59. Rf1 Bxc2
60. Ra1 Be4 61. Rxa3 1-0

[Event "ENCI Limburg-open A"]
[Site "Maastricht"]
[Date "2010.05.24"]
[Round "6"]
[White "Hamblok, Roel"]
[Black "Fedorchuk, Sergey A"]
[Result "0-1"]
[WhiteElo "2145"]
[BlackElo "2646"]
[PlyCount "84"]
[EventDate "2010.05.21"]
[EventType "swiss"]
[EventRounds "7"]
[EventCountry "NED"]
[Source "P.Boonen"]
[SourceDate "2010.10.01"]

1. d4 Nf6 2. Nf3 e6 3. Bg5 b6 4. e3 Bb7 5. Nbd2 Be7 6. Bd3 c5 7. c3 Nc6 8. a3
O-O 9. O-O d6 10. e4 cxd4 11. cxd4 h6 12. Bh4 Nh5 13. Bxe7 Nxe7 14. Re1 Nf4 15.
Bf1 Qd7 16. Qb3 Rac8 17. Qe3 Nfg6 18. h4 Rfe8 19. h5 Nf8 20. Bd3 Rc7 21. Rad1
Qc8 22. Qf4 Rd8 23. Bb1 Qd7 24. Bd3 Qa4 25. Kh2 Ba6 26. Bb1 Be2 27. Rc1 Rxc1
28. Rxc1 Qb5 29. g4 Bxf3 30. Nxf3 Qxb2 31. Kg2 e5 32. Qe3 Ne6 33. dxe5 dxe5 34.
Kh2 Nf4 35. g5 hxg5 36. Nxg5 Rd2 37. Rf1 f6 38. Nh3 Nxh5 39. Qf3 g6 40. Rg1 Kf8
41. Qe3 Nf4 42. Nxf4 exf4 0-1

[Event "ENCI Limburg-open A"]
[Site "Maastricht"]
[Date "2010.05.24"]
[Round "6"]
[White "Henrichs, Thomas"]
[Black "Shchekachev, Andrei"]
[Result "0-1"]
[WhiteElo "2482"]
[BlackElo "2549"]
[PlyCount "48"]
[EventDate "2010.05.21"]
[EventType "swiss"]
[EventRounds "7"]
[EventCountry "NED"]
[Source "P.Boonen"]
[SourceDate "2010.10.01"]

1. d4 g6 2. c4 Bg7 3. e4 c5 4. d5 d6 5. Nc3 a6 6. Nf3 e6 7. dxe6 Bxe6 8. Bf4
Nc6 9. Qxd6 Qa5 10. Qd2 Nf6 11. Nd5 Qxd2+ 12. Nxd2 O-O 13. Bd6 Rfd8 14. Bc7 Rd7
15. Nb6 Rxd2 16. Kxd2 Nxe4+ 17. Ke3 Re8 18. Kxe4 Bxb2 19. Rd1 Bg4+ 20. Kf4 Bxd1
21. Bd3 Be2 22. Rb1 Be5+ 23. Bxe5 Bxd3 24. Re1 g5+ 0-1

[Event "ENCI Limburg-open A"]
[Site "Maastricht"]
[Date "2010.05.24"]
[Round "6"]
[White "Hetey, Laszlo"]
[Black "Braun, Christian1"]
[Result "0-1"]
[WhiteElo "2351"]
[BlackElo "2377"]
[PlyCount "90"]
[EventDate "2010.05.21"]
[EventType "swiss"]
[EventRounds "7"]
[EventCountry "NED"]
[Source "P.Boonen"]
[SourceDate "2010.10.01"]

1. d4 Nf6 2. c4 g6 3. Nc3 Bg7 4. e4 d6 5. f3 O-O 6. Bg5 a6 7. Qd2 Nbd7 8. O-O-O
c6 9. h4 b5 10. h5 Qa5 11. hxg6 fxg6 12. Bh6 b4 13. Nb1 Qxa2 14. Bxg7 Kxg7 15.
Qxb4 c5 16. dxc5 Rb8 17. Qa3 Qxa3 18. Nxa3 Nxc5 19. Ne2 Bd7 20. Nc3 Rfc8 21. g4
Na4 22. e5 Ne8 23. Nxa4 Bxa4 24. Re1 d5 25. Kb1 Bb3 26. Re2 Nc7 27. Reh2 Rh8
28. f4 Bd1 29. Be2 Bxe2 30. Rxe2 Rbf8 31. Rf2 h5 32. gxh5 Rxh5 33. Rxh5 gxh5
34. f5 Kh6 35. cxd5 Nxd5 36. Nc4 Kg5 37. Rd2 Nf4 38. Rd7 h4 39. Rxe7 h3 40. Rh7
Nh5 41. Nd2 Rxf5 42. Ne4+ Kh4 43. Rd7 Rf1+ 44. Ka2 h2 45. Rd4 Rf4 0-1

[Event "ENCI Limburg-open A"]
[Site "Maastricht"]
[Date "2010.05.24"]
[Round "6"]
[White "Hoffmeister, Frank1"]
[Black "Zult, Daan"]
[Result "0-1"]
[WhiteElo "2173"]
[BlackElo "2235"]
[PlyCount "110"]
[EventDate "2010.05.21"]
[EventType "swiss"]
[EventRounds "7"]
[EventCountry "NED"]
[Source "P.Boonen"]
[SourceDate "2010.10.01"]

1. d4 d5 2. c4 dxc4 3. Nf3 a6 4. e3 Nf6 5. Bxc4 e6 6. O-O c5 7. Qe2 b5 8. Bb3
Bb7 9. a4 Nbd7 10. Rd1 Qb8 11. Nbd2 Be7 12. axb5 axb5 13. Rxa8 Bxa8 14. e4 O-O
15. Bc2 cxd4 16. Nxd4 Rc8 17. N2f3 Bc5 18. Bg5 b4 19. Bb1 Ne5 20. Nxe5 Qxe5 21.
Nf3 Qc7 22. h3 h6 23. Bd2 Rd8 24. Rc1 Qb6 25. Be1 Bf8 26. Bd2 Bb7 27. Be3 Qa5
28. Bd4 Qa8 29. Bb6 Rb8 30. Nd2 Ba6 31. Qe3 Nd7 32. Bc7 Rc8 33. Nb3 e5 34. Bd3
Bxd3 35. Qxd3 Nc5 36. Nxc5 Rxc7 37. Nb3 Rxc1+ 38. Nxc1 Qa1 39. Qd2 Be7 40. g3
Qb1 41. Kh2 Qxe4 42. Qd7 Bf8 43. Nd3 Qf3 44. Kg1 f6 45. Qe6+ Kh7 46. Qe8 Qxd3
47. Qxf8 Qb1+ 48. Kg2 Qxb2 49. Qc8 Qb1 50. Kf3 Qd3+ 51. Kg4 Qe4+ 52. f4 exf4
53. gxf4 Qg2+ 54. Kh4 g5+ 55. Kh5 Qe2+ 0-1

[Event "ENCI Limburg-open A"]
[Site "Maastricht"]
[Date "2010.05.24"]
[Round "6"]
[White "Holm, Sejer"]
[Black "Nabuurs, Mart"]
[Result "0-1"]
[WhiteElo "2253"]
[BlackElo "2161"]
[PlyCount "128"]
[EventDate "2010.05.21"]
[EventType "swiss"]
[EventRounds "7"]
[EventCountry "NED"]
[Source "P.Boonen"]
[SourceDate "2010.10.01"]

1. Nf3 d5 2. d4 e6 3. c4 c6 4. Nbd2 f5 5. e3 Nf6 6. Be2 Bd6 7. b3 Nbd7 8. Bb2
Qc7 9. c5 Be7 10. b4 b6 11. Qc2 bxc5 12. dxc5 a5 13. a3 O-O 14. O-O Ne4 15.
Nxe4 fxe4 16. Nd4 Rf6 17. f4 e5 18. fxe5 Nxe5 19. Rxf6 gxf6 20. Rf1 axb4 21.
axb4 Bd7 22. Nf5 Bf8 23. h3 Bxf5 24. Rxf5 Bg7 25. Rf1 Rf8 26. Bd4 f5 27. Qb2
Ng6 28. Bxg7 Qxg7 29. Qxg7+ Kxg7 30. b5 cxb5 31. Bxb5 Rc8 32. Rc1 Rc7 33. c6
Kf6 34. Kf2 f4 35. Rc5 Ke5 36. Ba4 Kd6 37. Ra5 fxe3+ 38. Kxe3 Ne7 39. Kd4 Nf5+
40. Kc3 Ne7 41. Kd4 Rxc6 42. Rxd5+ Nxd5 43. Bxc6 Kxc6 44. Kxe4 Kd6 45. Kf5 Ke7
46. Kg5 Kf7 47. Kh6 Kg8 48. g4 Ne7 49. h4 Kh8 50. g5 Kg8 51. Kh5 Kg7 52. Kg4
Kf7 53. Kh5 Ng8 54. Kg4 Ke6 55. Kf4 Ne7 56. Kg4 Ke5 57. Kh5 Ng8 58. Kg4 Ke4 59.
Kg3 Kf5 60. Kf3 Ne7 61. Kg3 Ng6 62. Kh3 Kf4 63. h5 Ne7 64. g6 h6 0-1

[Event "ENCI Limburg-open A"]
[Site "Maastricht"]
[Date "2010.05.24"]
[Round "6"]
[White "Hoornstra, Hans"]
[Black "Skutta, Bernd"]
[Result "1/2-1/2"]
[WhiteElo "1978"]
[BlackElo "2121"]
[PlyCount "31"]
[EventDate "2010.05.21"]
[EventType "swiss"]
[EventRounds "7"]
[EventCountry "NED"]
[Source "P.Boonen"]
[SourceDate "2010.10.01"]

1. d4 Nf6 2. c4 g6 3. e4 Nxe4 4. Bd3 Nf6 5. Nc3 d6 6. Nf3 Bg7 7. Bg5 Bg4 8. h3
Bxf3 9. Qxf3 Nc6 10. Ne2 O-O 11. O-O-O Qd7 12. a4 Ne8 13. h4 Nxd4 14. Nxd4 Bxd4
15. h5 Bf6 16. Bh6 1/2-1/2

[Event "ENCI Limburg-open A"]
[Site "Maastricht"]
[Date "2010.05.24"]
[Round "6"]
[White "Hortensius, Lisa"]
[Black "Luncescu, Christian"]
[Result "0-1"]
[WhiteElo "2063"]
[BlackElo "2131"]
[PlyCount "117"]
[EventDate "2010.05.21"]
[EventType "swiss"]
[EventRounds "7"]
[EventCountry "NED"]
[Source "P.Boonen"]
[SourceDate "2010.10.01"]

1. e4 d5 2. exd5 Qxd5 3. Nc3 Qa5 4. d4 c6 5. Nf3 Nf6 6. Bc4 Bf5 7. Bd2 e6 8.
Ne4 Qc7 9. Ng3 Bg6 10. h4 Ne4 11. Nxe4 Bxe4 12. Bb3 Nd7 13. Qe2 Bxf3 14. Qxf3
Nf6 15. O-O-O O-O-O 16. Bg5 Be7 17. Rhe1 h6 18. Bf4 Bd6 19. Be5 Bxe5 20. dxe5
Rxd1+ 21. Qxd1 Rd8 22. Qe2 Nd7 23. c3 Qa5 24. Kb1 Qc5 25. f4 g6 26. g4 Qe7 27.
Qf2 Nc5 28. Bc2 Nd3 29. Bxd3 Rxd3 30. Kc2 Qd8 31. f5 gxf5 32. gxf5 Rd5 33. Qf4
h5 34. fxe6 fxe6 35. Re4 Qg8 36. Re2 Qg6+ 37. Qe4 Qg7 38. c4 Rd8 39. Rd2 Rxd2+
40. Kxd2 Qg3 41. Qd4 Qg2+ 42. Kc3 Qg3+ 43. Kc2 Qg2+ 44. Kc3 Qg3+ 45. Kc2 Qg7
46. Qd6 Qf7 47. Qd4 Kc7 48. Qd6+ Kc8 49. Qd4 a6 50. a3 Qf1 51. Kc3 Qf3+ 52. Kc2
b5 53. cxb5 axb5 54. Qd6 Qe2+ 55. Kc1 Qc4+ 56. Kb1 Qe4+ 57. Kc1 Qc4+ 58. Kb1
Qd5 59. Qf8+ 0-1

[Event "ENCI Limburg-open A"]
[Site "Maastricht"]
[Date "2010.05.24"]
[Round "6"]
[White "Hovhanisian, Mher"]
[Black "Laurent, Bruno"]
[Result "1/2-1/2"]
[WhiteElo "2482"]
[BlackElo "2330"]
[PlyCount "110"]
[EventDate "2010.05.21"]
[EventType "swiss"]
[EventRounds "7"]
[EventCountry "NED"]
[Source "P.Boonen"]
[SourceDate "2010.10.01"]

1. d4 e6 2. Nf3 Nf6 3. g3 c5 4. Bg2 a6 5. O-O cxd4 6. Nxd4 d5 7. c4 dxc4 8.
Qa4+ Qd7 9. Qxc4 b5 10. Qb3 Bb7 11. Bxb7 Qxb7 12. a4 b4 13. a5 Be7 14. Nd2 O-O
15. Qf3 Ra7 16. Nc4 Rc8 17. Nb6 Rd8 18. Be3 Qxf3 19. Nxf3 Rb7 20. Rfc1 h6 21.
Ne5 Nd5 22. Nxd5 Rxd5 23. Rc8+ Kh7 24. Nxf7 Bf6 25. Rb1 Kg6 26. Bf4 e5 27. e4
Kxf7 28. exd5 exf4 29. Rbc1 Ke7 30. b3 fxg3 31. hxg3 Bc3 32. Rd1 Kd6 33. Rd8+
Nd7 34. Rc8 Rc7 35. Ra8 Nc5 36. Rd8+ Rd7 37. Rc8 Nxb3 38. Rc6+ Ke7 39. Rxa6 Nd4
40. Ra8 b3 41. a6 Rxd5 42. a7 Ra5 43. Kg2 Nb5 44. Rb8 Nxa7 45. Rxb3 Bf6 46.
Rb7+ Ke6 47. g4 Nc8 48. Re1+ Re5 49. Rxe5+ Bxe5 50. f4 Nd6 51. Rb4 Bc3 52. Ra4
g6 53. Kf3 h5 54. gxh5 gxh5 55. Ra6 Bf6 1/2-1/2

[Event "ENCI Limburg-open A"]
[Site "Maastricht"]
[Date "2010.05.24"]
[Round "6"]
[White "Kirkebo, Carl Peter"]
[Black "Lesman, Francis"]
[Result "1-0"]
[WhiteElo "2159"]
[BlackElo "2087"]
[PlyCount "75"]
[EventDate "2010.05.21"]
[EventType "swiss"]
[EventRounds "7"]
[EventCountry "NED"]
[Source "P.Boonen"]
[SourceDate "2010.10.01"]

1. e4 c6 2. d4 d5 3. e5 c5 4. Nf3 Nc6 5. c4 cxd4 6. cxd5 Qxd5 7. Nc3 Qa5 8.
Nxd4 Qxe5+ 9. Be3 Bd7 10. Bb5 Nf6 11. O-O e6 12. Re1 Be7 13. Bxc6 bxc6 14. Bh6
Qc7 15. Bxg7 Rg8 16. Nf5 Qf4 17. Bxf6 Bxf6 18. Ne4 Be5 19. Nfg3 Rd8 20. Rc1 Bc8
21. Qa4 Bd7 22. Qc2 h5 23. Nc5 h4 24. Nd3 Qd4 25. Nxe5 hxg3 26. hxg3 Qb6 27.
Qh7 Rf8 28. b3 Qa5 29. Qc2 Qc7 30. Qc5 Qb6 31. Qa3 c5 32. Rxc5 Qd6 33. Nc4 Qb8
34. Ra5 Bc6 35. Rxa7 Bb7 36. Rxb7 Qxb7 37. Nd6+ Rxd6 38. Qxd6 1-0